000 00676nam a2200253 a 4500
999 _c4509
_d4509
001 4509
003 BD-JhCC
005 20171128140312.0
008 171127s1955 enka|||| ||a| 000 0 eng d
035 _a(BD-JhCC)4509
040 _aBD-JhCC
_dBD-JhCC
041 _aeng
082 _a821.6
_bART 1955
100 _aBaker, Arthur O.
245 _aAround the corner /
_cArthur O. Baker; Grace C. Maddux; Helen B. Warrin
260 _aNew York :
_bRand Msnally & Company,
_c1955.
300 _a128 p. :
_c22 cm.
_billu;
490 _aJunior scientist
650 _aPoems
700 _aMaddux, Grace C.
700 _aWarrin, Helen B.
942 _2ddc
_cBK